[Event "Bogota McGregor op 4th"]
[Site "Bogota"]
[Date "2013.12.07"]
[Round "6"]
[White "Melgosa, Marcio"]
[Black "Baron, Rolando"]
[Result "1-0"]
[WhiteElo "2253"]
[BlackElo "1777"]
[PlyCount "49"]
[EventDate "2013.12.04"]
[EventType "swiss"]
[EventRounds "9"]
[EventCountry "COL"]
[SourceTitle "CBM 157 Extra"]
[Source "ChessBase"]
[SourceDate "2013.12.19"]
[SourceVersion "1"]
[SourceVersionDate "2013.12.19"]
[SourceQuality "1"]

1. e4 e5 2. Nc3 Nf6 3. f4 Nc6 4. fxe5 Nxe5 5. d4 Ng6 6. Nf3 d6 7. Bd3 Be7 8. 0-0 0-0 9. Kh1 c6 10. a4 Bg4 11. Qe1 Qc7 12. Qg3 Qb6 13. e5 Bxf3 14. exf6 Bxg2+ 15. Kxg2 Bxf6 16. Ne4 Bxd4 17. Ng5 Be5 18. Qh3 h6 19. Nxf7 Rxf7 20. Rxf7 Nf8 21. Be3 Qd8 22. Raf1 Bf6 23. R1xf6 gxf6 24. Rxb7 Qc8 25. Qg3+ 1-0

[Event "Bogota McGregor op 4th"]
[Site "Bogota"]
[Date "2013.12.04"]
[Round "1"]
[White "Santiago, Yago de Moura"]
[Black "Melgosa, Marcio"]
[Result "1-0"]
[WhiteElo "2450"]
[BlackElo "2253"]
[PlyCount "65"]
[EventDate "2013.12.04"]
[EventType "swiss"]
[EventRounds "9"]
[EventCountry "COL"]
[SourceTitle "CBM 157 Extra"]
[Source "ChessBase"]
[SourceDate "2013.12.19"]
[SourceVersion "1"]
[SourceVersionDate "2013.12.19"]
[SourceQuality "1"]

1. d4 Nf6 2. c4 c5 3. d5 b5 4. cxb5 a6 5. bxa6 g6 6. Nc3 Bxa6 7. e4 Bxf1 8. Kxf1 d6 9. Nf3 Bg7 10. g3 0-0 11. Kg2 Nbd7 12. a4 Ra6 13. Qc2 Qa8 14. Ra3 e6 15. dxe6 fxe6 16. Re1 d5 17. exd5 exd5 18. Nb5 Qc6 19. Bf4 Ne4 20. Kg1 Ndf6 21. Ne5 Qb6 22. f3 c4+ 23. Kg2 Nc5 24. Nxc4 dxc4 25. Qxc4+ Kh8 26. Be3 Nfd7 27. b4 Qe6 28. Qe2 Qf5 29. bxc5 Nxc5 30. a5 Ne6 31. Bb6 Ng5 32. g4 Qc8 33. Nc7 1-0

[Event "Jaen 1st"]
[Site "Jaen"]
[Date "2013.08.15"]
[Round "8"]
[White "Lalic, Bogdan"]
[Black "Melgosa, Marcio"]
[Result "1-0"]
[WhiteElo "2484"]
[BlackElo "2251"]
[PlyCount "49"]
[EventDate "2013.08.12"]
[EventType "tourn"]
[EventRounds "9"]
[EventCountry "ESP"]
[SourceTitle "CBM 155 Extra"]
[Source "ChessBase"]
[SourceDate "2013.08.26"]
[SourceVersion "1"]
[SourceVersionDate "2013.08.26"]
[SourceQuality "1"]

1. d4 Nf6 2. c4 c5 3. d5 b5 4. cxb5 a6 5. bxa6 g6 6. Nc3 Bxa6 7. Nf3 d6 8. e4 Bxf1 9. Kxf1 Bg7 10. g3 0-0 11. Kg2 Nbd7 12. a4 Qa5 13. Bd2 Qb4 14. Re1 Ng4 15. Re2 Qb6 16. Rb1 Rfb8 17. b3 Bxc3 18. Bxc3 Rxa4 19. h3 Nge5 20. Nd2 Rb4 21. f4 Nd3 22. Qc2 Qa6 23. Re3 c4 24. Nxc4 Rxc4 25. bxc4 1-0

[Event "Jaen 1st"]
[Site "Jaen"]
[Date "2013.08.12"]
[Round "2"]
[White "Melgosa, Marcio"]
[Black "Renteria Becerra, Jorge Elicer"]
[Result "1/2-1/2"]
[WhiteElo "2251"]
[BlackElo "2317"]
[PlyCount "86"]
[EventDate "2013.08.12"]
[EventType "tourn"]
[EventRounds "9"]
[EventCountry "ESP"]
[SourceTitle "CBM 155 Extra"]
[Source "ChessBase"]
[SourceDate "2013.08.26"]
[SourceVersion "1"]
[SourceVersionDate "2013.08.26"]
[SourceQuality "1"]

1. e4 g6 2. d4 Bg7 3. Nc3 c6 4. Bc4 d6 5. Qf3 e6 6. Nge2 Nd7 7. Bb3 Qe7 8. 0-0 Ngf6 9. Bg5 h6 10. Bh4 0-0 11. a4 e5 12. Rad1 a5 13. Qe3 g5 14. Bg3 Nh5 15. Rfe1 Re8 16. Qd2 Nf8 17. f3 Ng6 18. Bf2 Nhf4 19. dxe5 dxe5 20. Qd6 Qxd6 21. Rxd6 Bf8 22. Rd2 Bb4 23. Red1 Nxe2+ 24. Rxe2 g4 25. Be3 gxf3 26. gxf3 Nf4 27. Red2 Kg7 28. Kh1 Bh3 29. Rg1+ Kf6 30. Rg3 Bc8 31. Rg1 h5 32. Rdd1 Bh3 33. Bxf4 exf4 34. e5+ Rxe5 35. Ne4+ Rxe4 36. fxe4 Re8 37. Rd3 Bg4 38. h3 Be2 39. Rd7 Re7 40. e5+ Kxe5 41. Rxe7+ Bxe7 42. Re1 f3 43. Bc4 Bh4 1/2-1/2

[Event "COL-chT"]
[Site "Bogota"]
[Date "2010.10.18"]
[Round "7.3"]
[White "Melgosa, Marcio"]
[Black "Villamil Alarcon, Hector Orlando"]
[Result "1/2-1/2"]
[WhiteElo "2255"]
[BlackElo "2120"]
[PlyCount "56"]
[EventDate "2010.10.15"]
[EventType "swiss"]
[EventRounds "7"]
[EventCountry "COL"]
[SourceTitle "EXT 2024"]
[Source "ChessBase"]
[SourceDate "2023.10.10"]
[SourceVersion "1"]
[SourceVersionDate "2023.10.10"]
[SourceQuality "1"]

1. e4 e6 2. d4 d5 3. Nc3 Bb4 4. exd5 exd5 5. Bd3 Nf6 6. Bg5 0-0 7. h3 Re8+ 8. Nge2 c6 9. 0-0 Nbd7 10. Ng3 h6 11. Bf4 Nf8 12. a3 Bd6 13. Bd2 N8h7 14. Qf3 Bd7 15. Nf5 Bxf5 16. Qxf5 Qd7 17. Rae1 Qxf5 18. Bxf5 Nf8 19. Rxe8 Rxe8 20. Re1 Rxe1+ 21. Bxe1 N8d7 22. Bd2 Kf8 23. g4 Nb6 24. a4 Ke7 25. b3 Nbd7 26. f3 Nf8 27. Bc8 b6 28. Ne2 Kd8 1/2-1/2

[Event "COL-ch"]
[Site "San Andres Islas"]
[Date "2008.12.01"]
[Round "2"]
[White "Melgosa, Marcio"]
[Black "Garavito, Miguel Angel"]
[Result "0-1"]
[WhiteElo "2292"]
[BlackElo "2157"]
[PlyCount "76"]
[EventDate "2008.12.01"]
[EventType "swiss"]
[EventRounds "9"]
[EventCountry "COL"]
[SourceTitle "CBM 127 Extra"]
[Source "ChessBase"]
[SourceDate "2009.01.08"]
[SourceVersion "2"]
[SourceVersionDate "2009.01.28"]
[SourceQuality "1"]

1. e4 e5 2. Nc3 Bc5 3. f4 Nc6 4. Nf3 d6 5. Na4 Bb6 6. Nxb6 axb6 7. Bb5 Nge7 8. d3 Bd7 9. 0-0 Na5 10. Bxd7+ Qxd7 11. Qe1 f6 12. Kh1 Nac6 13. c3 0-0-0 14. a4 exf4 15. Bxf4 g5 16. Be3 d5 17. Nd4 Rhf8 18. b4 dxe4 19. dxe4 Qg4 20. a5 bxa5 21. Nxc6 Nxc6 22. b5 Nb8 23. b6 Nc6 24. bxc7 Rde8 25. Bc5 Rxe4 26. Qb1 Re2 27. Rg1 Rf7 28. Bd6 Rd7 29. Bg3 f5 30. Qb6 f4 31. Bf2 Rxc7 32. Qc5 Re8 33. Rxa5 Nxa5 34. Qxa5 Re6 35. Bb6 f3 36. Qa8+ Kd7 37. Rd1+ Kc6 38. g3 f2 0-1

[Event "Bogota Central op"]
[Site "Bogota"]
[Date "2008.11.08"]
[Round "6.8"]
[White "Melgosa, Marcio"]
[Black "Montenegro, Juan Rolando"]
[Result "1-0"]
[WhiteElo "2292"]
[BlackElo "2159"]
[PlyCount "52"]
[EventDate "2008.11.05"]
[EventType "swiss"]
[EventRounds "6"]
[EventCountry "COL"]
[SourceTitle "EXT 2024"]
[Source "ChessBase"]
[SourceDate "2023.10.10"]
[SourceVersion "1"]
[SourceVersionDate "2023.10.10"]
[SourceQuality "1"]

1. e4 d5 2. exd5 Nf6 3. d4 Bg4 4. Nf3 Qxd5 5. Be2 Nc6 6. h3 Bxf3 7. Bxf3 Qe6+ 8. Be3 0-0-0 9. 0-0 g5 10. Nc3 h5 11. d5 Qf5 12. dxc6 Rxd1 13. cxb7+ Kb8 14. Raxd1 Bh6 15. Nd5 g4 16. Nxe7 Qh7 17. Nc6+ Kxb7 18. Nd8+ Kc8 19. Bb7+ Kb8 20. Ba6 Ne4 21. Rd3 Bxe3 22. Rxe3 Nc5 23. Nc6+ Ka8 24. Bc4 gxh3 25. Bd5 hxg2 26. Rfe1 h4 1-0

[Event "Bogota Central op"]
[Site "Bogota"]
[Date "2008.11.05"]
[Round "2.7"]
[White "Melgosa, Marcio"]
[Black "Rivera, Ingris"]
[Result "1-0"]
[WhiteElo "2292"]
[BlackElo "2153"]
[PlyCount "51"]
[EventDate "2008.11.05"]
[EventType "swiss"]
[EventRounds "6"]
[EventCountry "COL"]
[SourceTitle "EXT 2024"]
[Source "ChessBase"]
[SourceDate "2023.10.10"]
[SourceVersion "1"]
[SourceVersionDate "2023.10.10"]
[SourceQuality "1"]

1. e4 c5 2. Nf3 d6 3. d4 cxd4 4. Nxd4 Nf6 5. Nc3 a6 6. Bc4 e6 7. Bb3 Be7 8. g4 0-0 9. g5 Nfd7 10. f4 Nc5 11. Rg1 Nxb3 12. axb3 Nc6 13. Be3 Bd7 14. Qf3 b5 15. 0-0-0 Qa5 16. Kb1 Rfc8 17. f5 Nxd4 18. Bxd4 b4 19. Nd5 exd5 20. g6 hxg6 21. fxg6 f6 22. exd5 Kf8 23. Rde1 Qc7 24. Qh5 Qxc2+ 25. Ka1 Be6 26. Rxe6 1-0

[Event "Bogota Central op"]
[Site "Bogota"]
[Date "2008.11.05"]
[Round "1.8"]
[White "Perez Olarte, Cesar Camilo"]
[Black "Melgosa, Marcio"]
[Result "0-1"]
[WhiteElo "2083"]
[BlackElo "2292"]
[PlyCount "48"]
[EventDate "2008.11.05"]
[EventType "swiss"]
[EventRounds "6"]
[EventCountry "COL"]
[SourceTitle "EXT 2024"]
[Source "ChessBase"]
[SourceDate "2023.10.10"]
[SourceVersion "1"]
[SourceVersionDate "2023.10.10"]
[SourceQuality "1"]

1. e4 c5 2. Nf3 d6 3. d4 cxd4 4. Nxd4 Nf6 5. Nc3 a6 6. Be2 e5 7. Nb3 Be7 8. 0-0 0-0 9. a4 Be6 10. f4 exf4 11. Bxf4 Nc6 12. Kh1 Rc8 13. Bf3 Ne5 14. Nd4 Nxf3 15. Qxf3 Qb6 16. Nxe6 fxe6 17. Qh3 e5 18. Qe6+ Kh8 19. Bxe5 Qxb2 20. Rab1 Qxc2 21. Qxe7 dxe5 22. Rxb7 Rg8 23. h3 Rxc3 24. Rxf6 Rg3 0-1

[Event "Internet Section 11A g/8'+2\""]
[Site "Dos Hermanas"]
[Date "2004.03.10"]
[Round "8"]
[White "Melgosa, Marcio"]
[Black "Pihlajasalo, Antti"]
[Result "0-1"]
[WhiteElo "2295"]
[BlackElo "2431"]
[PlyCount "90"]
[EventDate "2004.03.11"]
[EventType "swiss (blitz)"]
[EventRounds "9"]
[EventCountry "ESP"]
[SourceTitle "EXT 2005"]
[Source "ChessBase"]
[SourceDate "2004.11.15"]
[SourceVersion "1"]
[SourceVersionDate "2004.11.15"]
[SourceQuality "1"]

1. e4 c5 2. Nf3 e6 3. d4 cxd4 4. Nxd4 Nf6 5. Nc3 Nc6 6. Ndb5 d6 7. Bf4 e5 8. Nd5 Nxd5 9. exd5 a6 10. dxc6 axb5 11. cxb7 Bxb7 12. Bxb5+ Ke7 13. Bd2 Bxg2 14. Rg1 Bb7 15. Qe2 Qb6 16. Bc3 f6 17. a3 g6 18. 0-0-0 Bh6+ 19. Kb1 Ba6 20. Bxa6 Qxa6 21. Qe4 Rac8 22. Bb4 Rc6 23. Rge1 Kf7 24. Qd5+ Kg7 25. Bxd6 Rd8 26. Qe6 Rcxd6 27. Qe7+ Kg8 28. Qxd8+ Rxd8 29. Rxd8+ Kf7 30. Red1 Ke6 31. R1d3 e4 32. Rc3 Qe2 33. Re8+ Kf5 34. Rc5+ Kg4 35. b4 f5 36. Rec8 Qxf2 37. Rc4 Bf4 38. b5 e3 39. h3+ Kxh3 40. b6 e2 41. Re8 Qxb6+ 42. Ka2 Qe3 43. Rxe3+ Bxe3 44. Rc3 e1Q 45. Rxe3+ Qxe3 0-1

[Event "Internet Section 09B g/8'+2\""]
[Site "Dos Hermanas"]
[Date "2004.03.09"]
[Round "7"]
[White "Melgosa, Marcio"]
[Black "Kiriakov, Petr"]
[Result "0-1"]
[WhiteElo "2295"]
[BlackElo "2555"]
[PlyCount "88"]
[EventDate "2004.03.09"]
[EventType "swiss (blitz)"]
[EventRounds "9"]
[EventCountry "ESP"]
[SourceTitle "CBM 099 Extra"]
[Source "ChessBase"]
[SourceDate "2004.05.04"]
[SourceVersion "1"]
[SourceVersionDate "2004.05.04"]
[SourceQuality "1"]

1. e4 e6 2. d4 d5 3. Nc3 Nf6 4. Bg5 dxe4 5. Nxe4 Be7 6. Bxf6 gxf6 7. Nf3 f5 8. Nc3 a6 9. Qd2 b5 10. 0-0-0 Bb7 11. Kb1 Bxf3 12. gxf3 c6 13. Rg1 Nd7 14. Bd3 Nf6 15. Ne2 Qd6 16. Nf4 0-0-0 17. Ne2 Nd5 18. c4 bxc4 19. Bxc4 Kd7 20. Rc1 Bf6 21. Bb3 Rb8 22. Qh6 Ke7 23. Rce1 Rb5 24. Ng3 Nb4 25. Rd1 Rhb8 26. Nh5 Bxd4 27. Qg5+ Kd7 28. Nf6+ Kc7 29. Qg7 Nxa2 30. Rxd4 Nc3+ 31. Kc2 Nd5 32. Qxf7+ Kb6 33. Rg7 Qc5+ 34. Rc4 Qxf2+ 35. Kb1 Qe1+ 36. Rc1 Nc3+ 37. Kc2 Qe2+ 38. Kxc3 Rxb3+ 39. Kxb3 Ka5+ 40. Kc3 Qxb2+ 41. Kd3 Rb3+ 42. Kc4 Rb4+ 43. Kd3 Rd4+ 44. Ke3 f4# 0-1

[Event "Internet Section 08B g/8'+2\""]
[Site "Dos Hermanas"]
[Date "2004.03.09"]
[Round "9"]
[White "Melgosa, Marcio"]
[Black "Mooi, Osric Kok Onn"]
[Result "1-0"]
[WhiteElo "2295"]
[BlackElo "2142"]
[PlyCount "131"]
[EventDate "2004.03.08"]
[EventType "swiss (blitz)"]
[EventRounds "9"]
[EventCountry "ESP"]
[SourceTitle "CBM 099 Extra"]
[Source "ChessBase"]
[SourceDate "2004.05.04"]
[SourceVersion "1"]
[SourceVersionDate "2004.05.04"]
[SourceQuality "1"]

1. e4 c5 2. Nf3 Nc6 3. Nc3 a6 4. d4 cxd4 5. Nxd4 e5 6. Nf5 d5 7. Qxd5 Bxf5 8. exf5 Qxd5 9. Nxd5 0-0-0 10. Ne3 Nf6 11. Bc4 g6 12. Bxf7 gxf5 13. Be6+ Kb8 14. Bxf5 h5 15. 0-0 h4 16. h3 Rg8 17. c3 e4 18. Ng4 Nxg4 19. Bxg4 Ka8 20. Bf4 Bc5 21. Rad1 Rdf8 22. Bh2 e3 23. fxe3 Bxe3+ 24. Kh1 Na5 25. Bf3 Nc4 26. Rd7 Rb8 27. Bxb8 Rxb8 28. Rfd1 Ka7 29. b3 Ne5 30. Rd8 Rxd8 31. Rxd8 Kb6 32. Rd5 Bf4 33. Kg1 Bg3 34. Kf1 a5 35. Ke2 Ng6 36. Rd7 Bc7 37. c4 Nf4+ 38. Ke3 Ne6 39. Rh7 Bf4+ 40. Kd3 Nc5+ 41. Kd4 Bg5 42. Kd5 Nd3 43. Kd4 Nc5 44. Ke5 Bd8 45. Kd6 Bg5 46. Ke5 Bd8 47. Kf5 Bc7 48. Rxh4 Nd3 49. Rh6+ Kc5 50. g4 Nc1 51. g5 Bd6 52. g6 Bf8 53. Rh7 b5 54. cxb5 Kxb5 55. h4 Nxa2 56. h5 Nc1 57. h6 Nxb3 58. g7 Nd4+ 59. Ke4 Bxg7 60. hxg7 Ne6 61. g8Q Nc5+ 62. Kd5 a4 63. Qb8+ Ka5 64. Ra7+ Na6 65. Be2 a3 66. Rxa6# 1-0

[Event "Internet Section 08B g/8'+2\""]
[Site "Dos Hermanas"]
[Date "2004.03.08"]
[Round "5"]
[White "Melgosa, Marcio"]
[Black "Wang, Rui"]
[Result "1-0"]
[WhiteElo "2295"]
[BlackElo "2481"]
[PlyCount "111"]
[EventDate "2004.03.08"]
[EventType "swiss (blitz)"]
[EventRounds "9"]
[EventCountry "ESP"]
[SourceTitle "CBM 099 Extra"]
[Source "ChessBase"]
[SourceDate "2004.05.04"]
[SourceVersion "1"]
[SourceVersionDate "2004.05.04"]
[SourceQuality "1"]

1. e4 c5 2. Nf3 e6 3. d4 cxd4 4. Nxd4 Nc6 5. Nc3 Qc7 6. Be2 Nf6 7. 0-0 a6 8. Kh1 Be7 9. Be3 0-0 10. f4 d6 11. Qe1 Nxd4 12. Bxd4 b5 13. a3 Bb7 14. Qg3 Bc6 15. Rae1 Qb7 16. Bd3 b4 17. axb4 Qxb4 18. Ne2 Qb7 19. e5 dxe5 20. Bxe5 g6 21. Nd4 Nh5 22. Qh3 Rad8 23. f5 Bc5 24. fxg6 hxg6 25. Nxc6 Qxc6 26. Be2 Ng7 27. Qh6 f6 28. Rxf6 Qe4 29. Rxe6 Nxe6 30. Qh8+ Kf7 31. Qf6+ Ke8 32. Qxe6+ Be7 33. h3 Qf5 34. Qc6+ Rd7 35. Bg4 Rf7 36. Bxf5 gxf5 37. Rd1 Bd8 38. Qe6+ Rde7 39. Qc6+ Rd7 40. Bf4 Ba5 41. Rxd7 Rxd7 42. Qe6+ Kd8 43. Qf6+ Kc8 44. Qxf5 Bb6 45. Qf8+ Kb7 46. Qf5 Rd1+ 47. Kh2 Bg1+ 48. Kg3 Kc6 49. Qe4+ Kd7 50. Qf5+ Kc6 51. Qg6+ Kb7 52. Qe4+ Kc8 53. Qe2 Rd5 54. Qxa6+ Kd7 55. Qb7+ Ke6 56. Qc6+ 1-0

[Event "Internet Section 07A g/8'+2\""]
[Site "Dos Hermanas"]
[Date "2004.03.07"]
[Round "8"]
[White "Dimitrijevic, Aleksandra"]
[Black "Melgosa, Marcio"]
[Result "1-0"]
[WhiteElo "2383"]
[BlackElo "2295"]
[PlyCount "61"]
[EventDate "2004.03.07"]
[EventType "swiss (blitz)"]
[EventRounds "9"]
[EventCountry "ESP"]
[SourceTitle "CBM 099 Extra"]
[Source "ChessBase"]
[SourceDate "2004.05.04"]
[SourceVersion "1"]
[SourceVersionDate "2004.05.04"]
[SourceQuality "1"]

1. e4 c5 2. Nf3 d6 3. d4 cxd4 4. Nxd4 Nf6 5. Nc3 a6 6. Bg5 e6 7. f4 Nbd7 8. Qf3 Qc7 9. 0-0-0 b5 10. Bd3 Bb7 11. Rhe1 Be7 12. Kb1 0-0-0 13. f5 Nc5 14. g4 e5 15. Nb3 Nfxe4 16. Bxe4 Nxe4 17. Bxe7 Nd2+ 18. Nxd2 Bxf3 19. Bxd8 Rxd8 20. Nxf3 f6 21. Nd5 Qc5 22. g5 Rf8 23. Re3 b4 24. a3 a5 25. axb4 axb4 26. Re4 Kd7 27. Rxb4 Rd8 28. Rb7+ Ke8 29. Nc7+ Kd7 30. Ne6+ Kc6 31. Nxd8# 1-0

[Event "Internet Section 06A g/8'+2\""]
[Site "Dos Hermanas"]
[Date "2004.03.06"]
[Round "2"]
[White "Melgosa, Marcio"]
[Black "Anttila, Perttu"]
[Result "0-1"]
[WhiteElo "2295"]
[BlackElo "2028"]
[PlyCount "54"]
[EventDate "2004.03.06"]
[EventType "swiss (blitz)"]
[EventRounds "9"]
[EventCountry "ESP"]
[SourceTitle "CBM 099 Extra"]
[Source "ChessBase"]
[SourceDate "2004.05.04"]
[SourceVersion "1"]
[SourceVersionDate "2004.05.04"]
[SourceQuality "1"]

1. e4 e6 2. d4 d5 3. Nc3 h6 4. Nf3 Nf6 5. e5 Ne4 6. Bd3 Nxc3 7. bxc3 c5 8. 0-0 Nc6 9. Re1 c4 10. Bf1 Rb8 11. a4 a6 12. g3 Be7 13. Nd2 0-0 14. f4 Qa5 15. Bb2 Bd7 16. Bh3 b5 17. axb5 Qxb5 18. Bc1 a5 19. Rf1 a4 20. f5 exf5 21. Bxf5 Bxf5 22. Rxf5 Qa5 23. Nb1 Rb6 24. Qg4 Na7 25. Rf6 Bxf6 26. Bxh6 Bxe5 27. Be3 Bf6 0-1

[Event "Internet Section 06A g/8'+2\""]
[Site "Dos Hermanas"]
[Date "2004.03.06"]
[Round "8"]
[White "Melgosa, Marcio"]
[Black "Da Silva, Paulo Florencio"]
[Result "0-1"]
[WhiteElo "2295"]
[BlackElo "2365"]
[PlyCount "174"]
[EventDate "2004.03.06"]
[EventType "swiss (blitz)"]
[EventRounds "9"]
[EventCountry "ESP"]
[SourceTitle "CBM 099 Extra"]
[Source "ChessBase"]
[SourceDate "2004.05.04"]
[SourceVersion "1"]
[SourceVersionDate "2004.05.04"]
[SourceQuality "1"]

1. e4 c6 2. d4 d5 3. exd5 cxd5 4. c4 Nf6 5. Nc3 e6 6. Nf3 Nc6 7. cxd5 Nxd5 8. Bd3 Be7 9. 0-0 0-0 10. Re1 b6 11. a3 Bb7 12. Bc2 Rc8 13. Qd3 g6 14. Bh6 Re8 15. Rad1 Nxc3 16. bxc3 Bxa3 17. h4 Na5 18. Ne5 Qxh4 19. Bd2 Bd6 20. Re3 Bxe5 21. dxe5 Red8 22. Qe2 Qc4 23. Bd3 Qc6 24. Qg4 Nc4 25. Bxc4 Qxc4 26. Qg5 Qb3 27. Ree1 Qc2 28. Qh6 Qf5 29. Qh4 h5 30. f3 Rd5 31. Qe7 Ba8 32. Bg5 Rxd1 33. Rxd1 Qxe5 34. Bf6 Qc5+ 35. Qxc5 bxc5 36. Rd7 a6 37. Ra7 Bd5 38. Rxa6 h4 39. Bxh4 Kg7 40. Ra7 c4 41. Bf2 e5 42. Bg3 Kf6 43. Kf2 Rc6 44. Ke3 Re6 45. Rc7 Rc6 46. Ra7 Rc5 47. Bh4+ Kg7 48. Ra6 Be6 49. Bg3 f5 50. Ra7+ Bf7 51. Ke2 Rd5 52. Re7 f4 53. Bh4 Ra5 54. Bg5 Kf8 55. Rc7 Kg7 56. Bh4 Ra2+ 57. Kf1 Ra1+ 58. Kf2 Ra2+ 59. Kf1 Rc2 60. Be1 Ra2 61. Rc5 Kf6 62. Rc6+ Kf5 63. Rc7 Be6 64. Rg7 Ra1 65. Kf2 g5 66. Ke2 Ra2+ 67. Kf1 Rc2 68. Rc7 e4 69. Rc5+ Kf6 70. fxe4 g4 71. Bf2 g3 72. Bd4+ Kg6 73. Rc6 Kf7 74. Rc7+ Kf8 75. Be5 Bg4 76. Bd6+ Ke8 77. Ke1 Re2+ 78. Kf1 Rxe4 79. Rg7 Be2+ 80. Kg1 Bd3 81. Re7+ Rxe7 82. Bxe7 Kxe7 83. Kh1 Kd6 84. Kg1 Kc6 85. Kh1 Kb5 86. Kg1 Ka4 87. Kh1 Kb3 0-1

[Event "Internet Section 06A g/8'+2\""]
[Site "Dos Hermanas"]
[Date "2004.03.06"]
[Round "3"]
[White "Strange, Mikkel"]
[Black "Melgosa, Marcio"]
[Result "0-1"]
[WhiteElo "2256"]
[BlackElo "2295"]
[PlyCount "46"]
[EventDate "2004.03.06"]
[EventType "swiss (blitz)"]
[EventRounds "9"]
[EventCountry "ESP"]
[SourceTitle "CBM 099 Extra"]
[Source "ChessBase"]
[SourceDate "2004.05.04"]
[SourceVersion "1"]
[SourceVersionDate "2004.05.04"]
[SourceQuality "1"]

1. e4 c5 2. Nf3 d6 3. d4 cxd4 4. Nxd4 Nf6 5. Nc3 a6 6. Bg5 e6 7. f4 Nbd7 8. Qf3 Qc7 9. 0-0-0 b5 10. g4 Bb7 11. Bxf6 Nxf6 12. g5 b4 13. Ncb5 axb5 14. Nxb5 Qb6 15. gxf6 Rxa2 16. fxg7 Ra1+ 17. Kd2 Rxd1+ 18. Kxd1 Bxg7 19. Qd3 Ke7 20. Bg2 Ra8 21. Qc4 Ra1+ 22. Ke2 Rxh1 23. Bxh1 Ba6 0-1